[Event "Budapest FS04 GM"]
[Site "Budapest"]
[Date "2023.04.01"]
[Round "1"]
[White "Tyurin, Artem"]
[Black "Kwon, Sehyun"]
[Result "1-0"]
[WhiteElo "2397"]
[BlackElo "2278"]
[PlyCount "83"]
[EventDate "2023.04.01"]
[EventType "tourn"]
[EventRounds "9"]
[EventCountry "HUN"]
[EventCategory "6"]
[SourceTitle "CBM 213 Extra"]
[Source "ChessBase"]
[SourceDate "2023.05.31"]
[SourceVersion "1"]
[SourceVersionDate "2023.05.31"]
[SourceQuality "1"]

1. c4 e6 2. Nc3 d5 3. d4 a6 4. cxd5 exd5 5. Bf4 Nf6 6. e3 c5 7. Nge2 Nc6 8. g3 cxd4 9. Nxd4 Bg4 10. Be2 Bxe2 11. Qxe2 Nxd4 12. exd4+ Be7 13. 0-0 0-0 14. Be5 Qd7 15. Qf3 Rfd8 16. Rfe1 b5 17. Rad1 b4 18. Bxf6 Bxf6 19. Nxd5 Qd6 20. Nxf6+ Qxf6 21. Qxf6 gxf6 22. d5 Rd6 23. Rd4 Rb8 24. Rc1 Kf8 25. Rc7 Rb5 26. Rc8+ Kg7 27. Rg4+ Kh6 28. Rc7 f5 29. Rg8 Rf6 30. Rc4 f4 31. Rd4 Rf5 32. Rd8 fxg3 33. hxg3 Kg7 34. Kg2 h5 35. f4 Kf6 36. Rd7 Kg7 37. Kf3 Rf6 38. Rc7 Rd6 39. Ke4 Rbb6 40. Rdc4 b3 41. a3 Rg6 42. R7c6 1-0

[Event "Budapest Vezerkepzo Winter GM"]
[Site "Budapest"]
[Date "2023.02.20"]
[Round "5"]
[White "Setyaki, Azarya Jodi"]
[Black "Tyurin, Artem"]
[Result "0-1"]
[WhiteElo "2409"]
[BlackElo "2366"]
[PlyCount "94"]
[EventDate "2023.02.16"]
[EventType "tourn"]
[EventRounds "9"]
[EventCountry "HUN"]
[EventCategory "6"]
[SourceTitle "CBM 212 Extra"]
[Source "ChessBase"]
[SourceDate "2023.03.31"]
[SourceVersion "1"]
[SourceVersionDate "2023.03.31"]
[SourceQuality "1"]

1. e4 e5 2. Nf3 Nf6 3. Nxe5 d6 4. Nf3 Nxe4 5. Nc3 Nxc3 6. dxc3 Be7 7. Bf4 0-0 8. Qd2 Nd7 9. 0-0-0 Nf6 10. c4 Ne4 11. Qe3 Nc5 12. Nd4 Re8 13. f3 Bf6 14. Qd2 Bd7 15. c3 Qe7 16. g4 a5 17. h4 Be5 18. Bg5 f6 19. Be3 Ba4 20. Re1 Bf4 21. Nf5 Qe5 22. Bg2 Bxe3 23. Rxe3 Qf4 24. Qd4 Rxe3 25. Nxe3 Re8 26. Kd2 Qg3 27. Re1 Ne6 28. Qd3 Nf4 29. Qf1 Rxe3 30. Rxe3 Nxg2 31. Re4 Nxh4 32. Kc1 Bc6 33. Re7 Qf4+ 34. Kb1 Nxf3 35. Qe2 Ne5 36. a3 Be4+ 37. Ka2 Bd3 38. Qe1 Qxc4+ 39. b3 Qxg4 40. Rxc7 h5 41. a4 h4 42. Ka3 h3 43. Qf2 Be4 44. c4 Qd1 45. Rc8+ Kf7 46. Rc7+ Ke6 47. Qb2 Nd3 0-1

[Event "Budapest Vezerkepzo Winter GM"]
[Site "Budapest"]
[Date "2023.02.20"]
[Round "4"]
[White "Tyurin, Artem"]
[Black "Costa, Leonardo"]
[Result "1/2-1/2"]
[WhiteElo "2366"]
[BlackElo "2340"]
[PlyCount "52"]
[EventDate "2023.02.16"]
[EventType "tourn"]
[EventRounds "9"]
[EventCountry "HUN"]
[EventCategory "6"]
[SourceTitle "CBM 212 Extra"]
[Source "ChessBase"]
[SourceDate "2023.03.31"]
[SourceVersion "1"]
[SourceVersionDate "2023.03.31"]
[SourceQuality "1"]

1. c4 e6 2. Nc3 d5 3. d4 Nf6 4. cxd5 exd5 5. Bg5 Be7 6. e3 0-0 7. Bd3 h6 8. Bh4 Re8 9. Nge2 c6 10. 0-0 Nbd7 11. a4 Nh5 12. Bxe7 Qxe7 13. a5 a6 14. Na4 Nf8 15. Qd2 Qg5 16. Nc1 Bf5 17. Nc5 Rab8 18. Ra3 Bxd3 19. N1xd3 Nf6 20. Ne5 Ne4 21. Qb4 Nxc5 22. Qxc5 Ng6 23. Nxg6 Qxg6 24. Rb3 Qe6 25. Rb6 Qe7 26. Rc1 Rbc8 1/2-1/2